KörperSpuren : Zur Dekonstruktion von Körper und Behinderung in biografischen Erzählungen von Frauen /

Als "behindert" geltende Körper werden sozial und kulturell hervorgebracht. Welche Texte schreiben aber den behinderten Körper - einen Körper, der stets vergeschlechtlicht, sozial klassifiziert und kulturell entworfen ist? Diskursanalytische Interpretationen narrativ-biografischer Intervie...

Full description

Bibliographic Details
Main Author: Bruner, Claudia Franziska (Author)
Corporate Author: Walter de Gruyter & Co
Format: eBook
Language:German
Language Notes:In German.
Published: Bielefeld : Transcript Verlag, [2005]
Edition:1. Aufl.
Series:Körperkulturen.
Subjects:
Online Access:Connect to the full text of this electronic book

MARC

Tag First Indicator Second Indicator Subfields
LEADER 00000cam a2200000Mi 4500
001 in00004773721
006 m o d
007 cr cnu---unuuu
008 151027s2005 gw a fod z000 0 ger d
005 20240212223357.9
035 |a (OCoLC)on1013963841 
040 |a DEGRU  |b eng  |c DEGRU  |d OCLCO  |d OCLCQ  |d OCLCO  |d OCLCF  |d OCLCQ  |d OCL  |d SFB  |d OCLCO  |d N$T  |d OCLCA  |d OCLCQ  |d YDX  |d OCLCO  |d OCLCL 
019 |a 1381295307 
020 |a 9783839402986  |q (electronic bk.) 
020 |a 3839402980 
020 |a 3899422988  |q (electronic bk.) 
020 |a 9783899422986  |q (electronic bk.) 
024 7 |a 10.14361/9783839402986  |2 doi 
035 |a (OCoLC)1013963841  |z (OCoLC)1381295307 
043 |a e-gx--- 
050 4 |a HV1569.3.W65 
072 7 |a SOC  |x 022000  |2 bisacsh 
082 0 4 |a 300  |2 23 
084 |a DT 1350  |2 rvk 
049 |a TXAM 
100 1 |a Bruner, Claudia Franziska,  |e author. 
245 1 0 |a KörperSpuren :  |b Zur Dekonstruktion von Körper und Behinderung in biografischen Erzählungen von Frauen /  |c Claudia Franziska Bruner. 
250 |a 1. Aufl. 
264 1 |a Bielefeld :  |b Transcript Verlag,  |c [2005] 
264 4 |c ©2005 
300 |a 1 online resource (314 pages) :  |b illustrations. 
336 |a text  |b txt  |2 rdacontent 
337 |a computer  |b c  |2 rdamedia 
338 |a online resource  |b cr  |2 rdacarrier 
347 |a text file  |b PDF  |2 rda 
490 1 |a KörperKulturen 
505 0 0 |t Frontmatter --  |t Inhalt --  |t 1. Einführung --  |t 2. Theoretischer Bezugsrahmen --  |t 3. Methodische Umsetzung --  |t 4. Die Portraits --  |t 5. Sequenzanalyse Roswitha Schultze --  |t 6. Ein Blick auf ausgewählte Textpassagen aller Interviews --  |t 7. Fazit --  |t Literatur --  |t Anhang --  |t Danksagung --  |t Backmatter. 
520 |a Als "behindert" geltende Körper werden sozial und kulturell hervorgebracht. Welche Texte schreiben aber den behinderten Körper - einen Körper, der stets vergeschlechtlicht, sozial klassifiziert und kulturell entworfen ist? Diskursanalytische Interpretationen narrativ-biografischer Interviews mit Frauen verweisen auf strategische Lesarten des behinderten Körpers. Dabei werden Ambivalenzen in der Identitätsarbeit sichtbar und Verschiebungen der Schnittfelder von race, class, gender und body offen gelegt. Dem Diskursfeld Behinderung in Deutschland wird so eine kulturwissenschaftliche Perspektive mit behinderungspolitischer Brisanz nahe gelegt. 
545 |a Claudia Franziska Bruner (Dr. phil.), Erziehungs- und Sozialwissenschaftlerin, Lehrbeauftragte an der FH Landshut; Gründungsmitglied der AG "Disability Studies in Deutschland"; Schwerpunkte: Disability Studies, Cultural Studies, Biografieforschung, Partizipation. 
546 |a In German. 
588 0 |a Online resource; title from PDF title page (publisher's Web site, viewed October 27 2015). 
588 0 |a Print version record. 
650 0 |a Women with disabilities  |x Psychology. 
650 0 |a Women with disabilities  |x Social conditions. 
650 0 |a Women with disabilities  |z Germany  |x Psychology. 
650 0 |a Women with disabilities  |z Germany  |x Social conditions. 
650 0 |a Women  |v Biography. 
650 6 |a Femmes handicapées  |x Psychologie. 
650 6 |a Femmes handicapées  |x Conditions sociales. 
650 6 |a Femmes handicapées  |z Allemagne  |x Psychologie. 
650 6 |a Femmes handicapées  |z Allemagne  |x Conditions sociales. 
650 6 |a Femmes  |v Biographies. 
650 7 |a Sociology.  |2 bicssc 
650 7 |a Women  |2 fast 
650 7 |a Women with disabilities  |x Psychology  |2 fast 
650 7 |a Women with disabilities  |x Social conditions  |2 fast 
651 7 |a Germany  |2 fast  |1 https://id.oclc.org/worldcat/entity/E39PBJtCD3rcKcPDx6FHmjvrbd 
655 7 |a Electronic books.  |2 local 
655 7 |a Biographies  |2 fast 
710 2 |a Walter de Gruyter & Co. 
830 0 |a Körperkulturen. 
856 4 0 |u https://www.degruyter.com/openurl?genre=book&isbn=9783839402986  |z Connect to the full text of this electronic book  |t 0 
955 |a De Gruyter Open Access ebooks 
994 |a 92  |b TXA 
999 f f |s dec1de80-056d-4b1c-9f68-fada00ce462b  |i 8bb92491-9732-4ac7-8bf2-a0d037e86451  |t 0 
952 f f |a Texas A&M University  |b College Station  |c Electronic Resources  |d Available Online  |t 0  |e HV1569.3.W65   |h Library of Congress classification 
998 f f |a HV1569.3.W65   |t 0  |l Available Online